000 00641nam a22001577a 4500
005 20120510151236.0
020 _a8120412923
_c00
035 _aB-30202
037 _aDPL
_bENG
100 _aVerghese, B.G.
_946843
245 _aWaters of hope :
_bFrom vision to reality in Himalaya-Ganga development cooperation /
_cby B.G. Verghese
260 _aNew Delhi
_bOxford and IBH Publishing Co.
_c1999
300 _axvii, 497p.
_c22 cms.
942 _2ddc
_cEN
_h333.910954
_mVER
999 _c66437
_d66437